000 00690nam a22002057a 4500
001 13805
003 BD-JhCC
005 20240327095301.0
008 180226b2017 bg |||| ||a| 001 0 ben d
020 _a9789849319191
035 _a(BD-JhCC)13805
040 _aBD-JhCC
_dBD-JhCC
041 _abengali
082 _a912
_bBAN 2017
245 _aবাংলাদেশ জাতীয় অ্যাটলাস /
_c সম্পা: নজরুল ইসলাম।
260 _aঢাকা:
_bবাংলাদেশ এশিয়াটিক সোসাইটি;
_c2017.
300 _a442 p. :
_c34 cm.
650 _aমানচিত্র
_zBangladesh
942 _2ddc
_cBK
999 _c13805
_d13805